000 00568nam a22001817a 4500
005 20251108165032.0
008 250721s1992 xx 000 0 ara d
082 1 4 _a362.6/مدح
100 1 _aحسين، مدحت فؤاد فتوح
245 1 0 _aتنظيم مجتمع المسنين /
264 1 _aالقاهرة :
_c1992.
300 _a342ص
490 0 _aتنظيم المجتمع في مجالات الخدمة الأجتماعية ؛ 1
650 1 7 _aالشيخوخة
650 1 7 _aالخدمات الإجتماعية
942 _2ddc
_cBK
999 _c20531
_d20531